00617 2200217 4500001002100000005001500021035002000036007000300056008004100059020002200100082001000122084001600132100002400148245008100172250001700253260003600270300004200306650002300348505001100371990001700382INLIS00000000001000220260513013943 a0010-0526000037ta260513 g 0 ind  a978-602-453-592-6 a542.1 a542.1 EUI p0 aEuis Reni Yuslianti1 aPrinsip Dasar Pemeriksaan Radikal Bebas & Antioksidan /cEuis Reni Yuslianti a1, Cet. Ke-2 aYogyakarta :bDeepublish,c2019 aviii, 63 hlm :bilus. ;c15,5 x 23 cm 4aLaboratorium Kimia ahlm.63 a202500223305